000 00291nam a22001337a 4500
008 170320b xxu||||| |||| 00| 0 eng d
020 _a9781560536215
041 _aeng
080 _24 ED
_a616.8
100 _a7
101 _aSHM
245 _aNEUROLOGY SECRETS
_cROLAK.L.A
942 _2udc
_cBK
999 _c8075
_d8075